Largest Cities In Hawaii - Statistics

General Stats
  • This quiz has been taken 6 times
  • The average score is 6 of 20
Answer Stats
Rank Population City % Correct
1 350,003 Honolulu
100%
3 46,284 Hilo
80%
6 36,662 Kailua
80%
18 15,268 Kailua
80%
2 47,770 East Honolulu
60%
4 46,129 Pearl City
40%
19 14,717 Ewa Beach
20%
20 14,640 Halawa
20%
8 32,312 Kahului
20%
7 33,739 Kaneohe
20%
12 21,474 Kapolei
20%
11 21,879 Kihei
20%
9 27,926 Mililani
20%
15 19,796 Schofield Barracks
20%
16 17,422 Wahiawa
20%
5 40,427 Waipahu
20%
10 25,752 Ewa Gentry
0%
13 20,920 Makakilo
0%
14 19,955 Mililani Mauka
0%
17 17,354 Wailuku
0%
No matching quizzes found
Score Distribution
Percent of People with Each Score
Percentile by Number Answered
Your Score History
You have not taken this quiz